000 01474nam a2200313 a 4500
001 60668
003 BD-RjUL
005 20211209080853.0
008 170110s1993 bg ba s o000 0 eng d
020 _a9845081010
_c: Complimentary
020 _a9845081010
_c: Tk. 400.00 (Inland)
035 _a(BD-RjUL)60792
040 _aDLC
_cDLC
_dDLC
_dBD-RjUL
_beng
041 0 _aengben
082 _223
_a304.6095492021
_bBAI 1993 (ZS)
110 _aBangladesh Bureau Of Statistics.
_9179266
245 1 0 _aBangladesh population census, 1991 = বাংলাদেশ আদমশুমারী, ১৯৯১ :
_bZila series, Zila: Barisal = জেলা সিরিজ, জেলা: বরিশাল /
_cBangladesh Bureau Of Statistics.
246 _aবাংলাদেশ আদমশুমারী, ১৯৯১ :
_bজেলা সিরিজ, জেলা: বরিশাল
260 _aDhaka :
_bBangladesh Bureau of Statistics,
_c1993.
300 _axviii, 471 p. :
_bIll. ;
_c28 cm.
490 _aZila series, Zila: Barisal
490 _aজেলা সিরিজ, জেলা: বরিশাল
500 _aPrefatory matter in Bengali and English.
651 _aBangladesh
_zBarisal
_vCensus,1991
_9180724
651 _aBangladesh
_zBarisal
_xPopulation
_vStatistics
_9180725
_y1991
830 _aZila series, Zila: Barisal
_9182069
830 _aজেলা সিরিজ, জেলা: বরিশাল
_9180499
942 _2ddc
_cRAR
999 _c60668
_d60668